| 000 | 01060nam a2200277 i 4500 | ||
|---|---|---|---|
| 001 | bgj | ||
| 100 | 1 |
_aLINCOLN, Abraham _d(1809-1865) |
|
| 245 | 1 | 0 |
_aSpeeches and Writings 1832-1858 : _bspeeches, letters and miscellaneous writings : the Lincoln-Douglas debates / _cAbraham Lincoln ; [ed. by] Don E. Fehrenbacher. |
| 260 |
_aNew York : _bLiterary Classics of the United States, _cc. 1989. |
||
| 300 |
_a898 pp ; _c21 cm. |
||
| 490 | 1 |
_aThe Library of America ; _v45 |
|
| 505 | _aIncludes index. | ||
| 600 | 1 | 9 |
_aAbraham Lincoln, 1809-1865 _xPolitical career before 1861 |
| 600 | 1 | 9 | _aAbraham Lincoln, 1809-1865 |
| 651 | 9 |
_aIllinois _xPolitics and government _yTo 1865 |
|
| 651 | 9 |
_aUnited States _xPolitics and government _y1849-1861 |
|
| 655 | _aCorrespondence | ||
| 700 | 1 |
_aFEHRENBACHER, Don E. _eed. |
|
| 830 | _aThe Library of America ; | ||
| 020 | _a0940450437 (alk. paper) (hbk, jacket) | ||
| 040 | _cBPK | ||
| 041 | 0 | _aeng | |
| 920 | _a0-940450-43-7 (alk. paper) (hbk, jacket) | ||
| 942 | _cKS | ||
| 008 | s uk f |000 0 eng | ||
| 999 |
_c47228 _d47228 |
||
| 856 |
_uhttp://koha.tu.koszalin.pl/cgi-bin/koha/opac-detail.pl?biblionumber=47228 _yKatalog online BPK |
||